La nulidad procesal civil, penal y de derecho público: incidente de nulidad, nulidad de oficio, casación de forma, de fondo y de oficio en lo civil. Nulidad y recurso de nulidad en lo penal. Nulidad procesal de Derecho Público
Saved in:
| Main Author: | |
|---|---|
| Format: | Book |
| Language: | Spanish |
| Published: |
Santiago
Jurídica de Chile
2009
|
| Edition: | 2a. ed |
| Subjects: | |
| Tags: |
Add Tag
No Tags, Be the first to tag this record!
|
MARC
| LEADER | 00000cam a2200000 a 4500 | ||
|---|---|---|---|
| 001 | UCD7122 | ||
| 003 | CL-VaPUC | ||
| 008 | 170309e20090000cl |||||||||||||||||spa|d | ||
| 020 | |a 9789561020566 | ||
| 082 | 0 | 4 | |a 347.8305 |b OTE |2 21 |
| 100 | |a Otero Lathrop, Miguel |e autor |9 616439 | ||
| 245 | 1 | 3 | |a La nulidad procesal civil, penal y de derecho público: incidente de nulidad, nulidad de oficio, casación de forma, de fondo y de oficio en lo civil. Nulidad y recurso de nulidad en lo penal. Nulidad procesal de Derecho Público |
| 250 | |a 2a. ed | ||
| 300 | |a 332 p | ||
| 942 | |c BK | ||
| 945 | |d 20170309 22:28:00 |a dcastane | ||
| 260 | |a Santiago |b Jurídica de Chile |c 2009 | ||
| 650 | 0 | |a Código de procedimiento civil |9 256305 | |
| 650 | 0 | |a Derecho procesal civil |9 258071 | |
| 650 | 7 | |a REFORMA PROCESAL CIVIL |2 CL-VaPUC |9 548780 | |
| 583 | |a last modification |c 20170317 10:37:17 |k Rodrigo Vera | ||
| 999 | |c 367234 |d 367232 | ||
| 952 | |0 0 |1 0 |3 erb |4 0 |6 347_830500000000000_OTE_2009 |7 0 |8 A |9 481989 |a BIBDER |b BIBDER |i 5364507 |l 1 |o 347.8305 OTE 2009 |p 5364507 |r 2024-04-01 |s 2024-03-25 |w 2019-11-24 |y BK |z Catalogado en:20170309 |k DER | ||